Statistiken für Queen Lyrics

Klicken Sie hier um das Quiz zu spielen!

Allgemein

  • Dieses Quiz wurde 53 mal gespielt
  • Das Durchschnittsergebnis liegt bei 4 aus 17

Antwortstatistiken

Hinweis 1Hinweis 2Antwort 1% Korrekt
Widerrufender Vater des FernrohrsBohemian RhapsodyGalileo
55%
Disney-Figur, die ungern erwachsen wirdBicycle RacePeter Pan
53%
Dann sollen sie halt Brot essenKiller QueenMarie Antoinette
40%
Mr. Temperature (US)Don't stop me nowFahrenheit
36%
Exilant von KryptonBicycle RaceSuperman
36%
Ritt nackt auf einem PferdDon't stop me nowLady Godiva
28%
Viktor, der MonstermacherBicycle RaceFrankenstein
26%
Das erste MordopferThe MiracleAbel
23%
Der erste MörderThe MiracleKain
21%
Atlas und Kronos waren solches ElementSeven Seas of RhyeTitan
21%
Eine Figur der italienischen Comedia dell'arteBohemian RhapsodyScaramouche
19%
Legendärer ZungengitarristThe MiracleJimi Hendrix
15%
Schampus!Killer QueenMoet
15%
Der Weg, die Wahrheit und das LebenBicycle RaceJesus
11%
StummfilmstarGood Old Fashioned Lover BoyValentino
9%
Skorbut-Fighter, EntdeckerThe MiracleCaptain Cook
6%
Pure Western-EssenzBicycle RaceJohn Wayne
4%

Verteilung der Resultate

Perzentil nach korrekt beantworteten Fragen

Anzahl Personen mit jedem Resultat

Ihre Resultats-Entwicklung

Sie haben dieses Quiz noch nicht gespielt